Los Impuestos en España
ISBN:
84-7196-091-5
Descripción Física:
708 p. ; 24 cm
Otros Autores:
Sánchez Pinilla, Federico, rev
Materias:
Impostos -- Espanya
MARC
| LEADER | 00000nam a2200000Ia 4500 | ||
|---|---|---|---|
| 001 | 14063 | ||
| 008 | 160829s1982 xx 000 0 cat d | ||
| 020 | |a 84-7196-091-5 | ||
| 080 | |a M-4-105 | ||
| 245 | |a Los Impuestos en España | ||
| 250 | |a 9a ed., rev. y act. / por Federico Sánchez Pinilla | ||
| 260 | |a Madrid : |b Ministerio de Hacienda, |c 1982 | ||
| 300 | |a 708 p. ; |c 24 cm | ||
| 650 | |a Impostos |x Espanya |9 25281 | ||
| 700 | |a Sánchez Pinilla, Federico, rev. |9 39137 | ||
| 901 | |a Arxiu | ||
| 942 | |n 1 | ||
| 952 | |0 0 |1 0 |4 0 |6 M4105 |7 1 |9 48827 |a Arxiu |b Arxiu |d 2016-12-01 |l 0 |o M-4-105 |p 14063 |r 2016-12-01 00:00:00 |w 2016-12-01 |y ARXIU | ||
| 999 | |c 52662 |d 52662 | ||